| 000 | 00500nam a2200193Ia 4500 | ||
|---|---|---|---|
| 008 | 180207s9999 xx 000 0 und d | ||
| 020 | _a9781842210871 | ||
| 050 | _bD135 2000 | ||
| 100 | _aDakin, Glenn | ||
| 245 | 4 | _aThe great sea serpent / | |
| 245 | _cGlenn Dakin ; illustrated by Ben Cort. | ||
| 260 | _aLondon : | ||
| 260 | _bTesco Stores Limited, | ||
| 260 | _c2000 | ||
| 300 | _aunpaged : | ||
| 300 | _bcolor illustration ; | ||
| 300 | _c22cm. | ||
| 440 | _aFun to learn collection. | ||
| 999 |
_c355345 _d355345 |
||